书目信息 |
| 题名: |
黄土高原土壤水分研究
|
|
| 作者: | 杨文治 , 邵明安 编著 | |
| 分册: | ||
| 出版信息: | 北京 科学出版社 2000 |
|
| 页数: | 305页 | |
| 开本: | 26cm | |
| 丛书名: | ||
| 单 册: | ||
| 中图分类: | S152.7 | |
| 科图分类: | ||
| 主题词: | 黄土高原--土壤水--研究 | |
| 电子资源: | ||
| ISBN: | 7-03-008587-6 | |
| 000 | 00630nam0 2200205 45 | |
| 001 | 0303251447 | |
| 005 | 20031219104108.0 | |
| 010 | @a7-03-008587-6@dCNY39.00 | |
| 100 | @a20030325d2000 km y0chiy0120 ea | |
| 101 | 0 | @achi |
| 105 | @aak z 000yy | |
| 200 | 1 | @a黄土高原土壤水分研究@AHuang Tu Gao Yuan Tu Rang Shui Fen Yan Jiu@f杨文治,邵明安编著@FYang Wen Zhi,Shao Ming An Bian Zhu |
| 210 | @a北京@c科学出版社@d2000 | |
| 215 | @a305页@c插图@d26cm | |
| 606 | 0 | @a黄土高原@x土壤水@x研究 |
| 690 | @aS152.7@v4 | |
| 701 | 0 | @a杨文治@4编著 |
| 701 | 0 | @a邵明安@4编著 |
| 801 | @aCN@bTSTC@c20030325 | |
| 905 | @b321586-588@dS152.7@e24@f3 | |
| 黄土高原土壤水分研究/杨文治,邵明安编著.-北京:科学出版社,2000 |
| 305页:插图;26cm |
| ISBN 7-03-008587-6:CNY39.00 |
| ● |
| 相关链接 |
|
|
|
|
正题名:黄土高原土壤水分研究
索取号:S152.7/24
 
预约/预借
| 序号 | 登录号 | 条形码 | 馆藏地/架位号 | 状态 | 备注 |
| 1 | 0321586 | 203215868 | 第三借阅区/ [索取号:S152.7/24] | 在馆 | |
| 2 | 0321587 | 203215877 | 第三借阅区/ [索取号:S152.7/24] | 在馆 | |
| 3 | 0321588 | 203215886 | 第二样本阅览室/ [索取号:S152.7/24] | 在馆 |